Russian language (Record no. 1851172)
[ view plain ]
| 000 -LEADER | |
|---|---|
| fixed length control field | 00755nam a22002177a 4500 |
| 003 - CONTROL NUMBER IDENTIFIER | |
| control field | OSt |
| 005 - DATE AND TIME OF LATEST TRANSACTION | |
| control field | 20260511122741.0 |
| 008 - FIXED-LENGTH DATA ELEMENTS--GENERAL INFORMATION | |
| fixed length control field | 260511b |||||||| |||| 00| 0 eng d |
| 020 ## - INTERNATIONAL STANDARD BOOK NUMBER | |
| International Standard Book Number | 5-09-000906-6 |
| 040 ## - CATALOGING SOURCE | |
| Original cataloging agency | SFUSL |
| Language of cataloging | ENG |
| Transcribing agency | SFUSL |
| 041 ## - LANGUAGE CODE | |
| Language code of text/sound track or separate title | RUS |
| 100 ## - MAIN ENTRY--PERSONAL NAME | |
| Personal name | Kostromina, N. V. |
| 9 (RLIN) | 1238958 |
| 245 ## - TITLE STATEMENT | |
| Title | Russian language |
| Remainder of title | Part 2 : Word composition and word formation. Morphology. Syntax. Punctuation |
| Statement of responsibility, etc. | N. V. Kostromina, K. A. Nikolaeva, G. M. Stavskaya, E. N. Shiryaev |
| 260 ## - PUBLICATION, DISTRIBUTION, ETC. | |
| Place of publication, distribution, etc. | Moscow |
| Name of publisher, distributor, etc. | Prosveshchenie |
| Date of publication, distribution, etc. | 1989 |
| 300 ## - PHYSICAL DESCRIPTION | |
| Extent | 288p. |
| 700 ## - ADDED ENTRY--PERSONAL NAME | |
| Personal name | Nikolaeva, K. A. |
| 9 (RLIN) | 1132589 |
| 700 ## - ADDED ENTRY--PERSONAL NAME | |
| Personal name | Stavskaya, G. M. |
| 9 (RLIN) | 1238959 |
| 700 ## - ADDED ENTRY--PERSONAL NAME | |
| Personal name | Shiryaev, E. N. |
| 9 (RLIN) | 1238960 |
| 942 ## - ADDED ENTRY ELEMENTS (KOHA) | |
| Source of classification or shelving scheme | Colon Classification (CC) |
| Koha item type | Textbook |
| Classification part | P142 N9.2;1 |
| Suppress in OPAC | No |
No items available.
